| 000 | 01510 a2200217 4500 | ||
|---|---|---|---|
| 003 | MN-UlNLM | ||
| 005 | 20220726112132.0 | ||
| 008 | a130t2002 mp ||||| |||| 00| 0 mon d | ||
| 040 | _aМонгол Улсын Үндэсний номын сан | ||
| 084 |
_a63.5(5Мон) _2NNA _bB 692 _q63 |
||
| 245 | 0 |
_aМонгол үндэсний мэргэ төлөг шинжихүй ёсон _cЭрхл. Ш.Сүхбат |
|
| 250 | _a1 | ||
| 260 | 0 |
_c2002 _aУБ |
|
| 300 | _a93х | ||
| 546 | _aMongolia | ||
| 653 |
_aТүүх _aМонголын түүх _aУгсаатны зүй. Угсаатан судлал |
||
| 740 |
_aМэргэ төлөг шинжихүйн учир. _aДалны төлөг шинжихүй. _aХялгасан төлөг шинжихүй. _aГомбын шооны төлөг шинжихүй. _aШооны хаан охин тэнгэр, шоон төлгийг шинжихүй. _aШоон төлөг шинжихүй. _aЗоосны төлөг шинжихүй, таван зоосны төлөг. _aЕсөн зоосны төлөг шинжихүй. _aЭрхиний төлөг шинжихүй. _aЧулуугаар шинжих төлөг. _aНайман навчны төлөг. _aБүсгүйн төлөг. _aТолины мэргэ. _aСарны мэргэ. _aГалын мэргэ. _aБөгжний мэргэ. _aУсны мэргэ. _aШагайн төлөг. _a12 жилийн нэрт төлөг. _aМаанийн төлөг. |
||
| 856 | _aprintbook | ||
| 942 | _cBK | ||
| 999 |
_c68494 _d68494 |
||